Projektive geometrie

Saved in:
Bibliographic Details
Main Author: Blaschke, Wilhelm, 1885-1962
Format: Book
Language:German
Published: Basel : Verlag Birkhauser, 1954
Edition:3 Aufl.
Series:Lehrbucher und Monographien aus dem Gebiete der exakten Wissenschaften. Mathematische Reihe ; ; 17
Subjects:
Tags: Add Tag
No Tags, Be the first to tag this record!

MARC

LEADER 00000cam a2200000 i 4500
001 1/9542
008 100719s1954 ger d
035 |l 10108674 
040 |a GR-MY-UA  |b gre  |e aacr 
041 0 |a ger 
082 0 |a 516.5  |2 (22) 
100 1 |a Blaschke, Wilhelm,   |d 1885-1962. 
245 1 0 |a Projektive geometrie /  |c von Wilhelm Blaschke 
250 |a 3 Aufl. 
260 |a Basel :   |b Verlag Birkhauser,   |c 1954 
300 |a 197 σ.;  |b εικ.;  |c 25 εκ. 
490 1 |a Lehrbucher und Monographien aus dem Gebiete der exakten Wissenschaften. Mathematische Reihe  |v ; 17 
504 |a Περιέχει ευρετήριο 
650 0 0 |a Geometry, Projective. 
830 0 |a Lehrbucher und Monographien aus dem Gebiete der exakten Wissenschaften. Mathematische Reihe ;  |v ; 17 
852 |a INST  |b SAMOS  |c MAG  |e 20100719  |h 516.5 BLA  |p 005300031464  |q 005300031464  |t BK  |y 0 
901 |a BIBL3-2010-2 
909 |a Σ  |b 165886 
970 |a ΣΙΤΖΙΜΗ  |b ΓΙΑΣΕΜΗ  |z 2010/07/19